<?xml version="1.0" encoding="UTF-8"?>
<record
    xmlns:xsi="http://www.w3.org/2001/XMLSchema-instance"
    xsi:schemaLocation="http://www.loc.gov/MARC21/slim http://www.loc.gov/standards/marcxml/schema/MARC21slim.xsd"
    xmlns="http://www.loc.gov/MARC21/slim">

  <leader>01342nam a2200205Ia 4500</leader>
  <controlfield tag="001">b5615-37748 </controlfield>
  <controlfield tag="003">IT-MiCISF</controlfield>
  <controlfield tag="008">161014s9999||||xx |||||||||||||| ||und||</controlfield>
  <datafield tag="040" ind1=" " ind2=" ">
    <subfield code="a">IT-MiCISF</subfield>
    <subfield code="c">IT-MiCISF</subfield>
  </datafield>
  <datafield tag="041" ind1=" " ind2=" ">
    <subfield code="a">it</subfield>
  </datafield>
  <datafield tag="100" ind1=" " ind2=" ">
    <subfield code="a">Tozzi Ileana</subfield>
  </datafield>
  <datafield tag="245" ind1=" " ind2="0">
    <subfield code="a">La fedelt&#xE0; dell'amore</subfield>
    <subfield code="b">Il matrimonio alle radici della societ&#xE0; occidentale</subfield>
  </datafield>
  <datafield tag="250" ind1=" " ind2=" ">
    <subfield code="a">1a ed.</subfield>
  </datafield>
  <datafield tag="260" ind1=" " ind2=" ">
    <subfield code="a"> Cantalupa (TO)</subfield>
    <subfield code="b">Effat&#xE0;</subfield>
    <subfield code="c">2003</subfield>
  </datafield>
  <datafield tag="300" ind1=" " ind2=" ">
    <subfield code="a">pp. 144</subfield>
  </datafield>
  <datafield tag="500" ind1=" " ind2=" ">
    <subfield code="a"> / matrimonio, storia, cultura, societ&#xE0;, fedelt&#xE0; / Scopo del libro &#xE8; rispondere ad un'esigenza di riflessione e di chiarezza su uno dei nodi irrisolti della societ&#xE0; contemporanea: la fedelt&#xE0; coniugale, ormai inessenziale sotto il profilo giuridico, ma che rimane un'istanza profonda, un'aspirazione autentica sotto il profilo affettivo. Per questo, l'A. fornisce un contributo di ricerca che concepisce la storia della famiglia come intersezione fra discipline diverse come la storia, la sociologia, la demografia, l'antropologia, il diritto. La sua conclusione &#xE8; che la fedelt&#xE0;, convenzionalmente imposta per secoli e controllata con rigore, pu&#xF2; assumere oggi un valore autonomo, proponendosi come scelta libera, o meglio come quotidiano rinnovamento della propria scelta d'amore.</subfield>
  </datafield>
  <datafield tag="650" ind1=" " ind2=" ">
    <subfield code="a"> Dinamiche familiari / matrimonio</subfield>
    <subfield code="e">001</subfield>
  </datafield>
  <datafield tag="942" ind1=" " ind2=" ">
    <subfield code="c">BK</subfield>
  </datafield>
  <datafield tag="957" ind1=" " ind2=" ">
    <subfield code="7">1</subfield>
  </datafield>
  <datafield tag="999" ind1=" " ind2=" ">
    <subfield code="a">37748</subfield>
    <subfield code="b">si</subfield>
    <subfield code="g">1</subfield>
    <subfield code="c">211514</subfield>
    <subfield code="d">211514</subfield>
  </datafield>
  <datafield tag="952" ind1=" " ind2=" ">
    <subfield code="0">0</subfield>
    <subfield code="1">0</subfield>
    <subfield code="4">0</subfield>
    <subfield code="6">B_561537748</subfield>
    <subfield code="7">1</subfield>
    <subfield code="a">CISF</subfield>
    <subfield code="b">CISF</subfield>
    <subfield code="d">2016-10-14</subfield>
    <subfield code="l">0</subfield>
    <subfield code="o">b5615-37748 </subfield>
    <subfield code="r">2016-10-14 00:00:00</subfield>
    <subfield code="w">2016-10-14</subfield>
    <subfield code="y">BK</subfield>
    <subfield code="z">Data import 15.10.2016 / by Epidotti, Vaglietti</subfield>
  </datafield>
</record>
